000 00467nam a2200193Ia 4500
003 0100
008 130303s9999 xx 000 0 und d
040 _cARRUPELIB
050 _aB72.J65 1952
100 _aJones, W. T
245 2 _aA history of Western philosophy
260 _aNew York
260 _bHarcourt, Brace and World
260 _C1952
300 _a1036p.
300 _b 24cm.
650 _bPhilosophy--Addresses, essays, lectures
942 0 0 _010
999 _c54822
_d54822